Identical Melbourne and Sydney Suburbs - Statistics

General Stats
  • This quiz has been taken 921 times
    869 since last reset
  • The average score is 8 of 16
Answer Stats
Hint Answer % Correct
Cr Cr{o}y{do}n
89%
Ep E{ppi}ng
80%
Fa F{air}f{iel}d
75%
Sy Sy{denha}m
75%
Ch Ch{eltenha}m
65%
Cl C{l}y{d}e
65%
Ab Ab{botsfor}d
62%
Sa Sa{ndringha}m
46%
Ca Ca{nterbur}y
44%
Ki K{ings} P{ark}
39%
Ke K{ensi}ng{ton}
37%
Be Be{aconsfiel}d
35%
Bu B{urwoo}d
33%
Cr Cr{emorne}
30%
Ne N{ewpo}rt
29%
Ca C{arlto}n
20%
No matching quizzes found
Score Distribution
Percent of People with Each Score
Percentile by Number Answered
Your Score History
You have not taken this quiz since the last reset